000
00235nam a22001097a 4500
082
_a
621.3848 EAS
100
_a
EASTWOOD,ERIC
_9
78320
245
_a
RADAR ORNITHOLOGY
260
_a
LONDON
_b
METHUEN
_c
1967
300
_a
277P
942
_c
BK
999
_c
583462
_d
583462